00812 2200265 4500001002100000005001500021035002000036007000300056008004100059020002200100082001100122084001700133100002900150245016200179250001000341260003900351300003200390700002500422700001800447504003000465710002000495990000900515990001100524990001100535INLIS00000000000108720200922031604 a0010-1217000002ta200922 f 0 ind  a978-979-3862-79-8 a297.14 a297.14 BRI s0 aBRILIANTONO, M. Soenarwo1 aSehat Holistik ala Rasulullah :bPanduan Gaya Hidup Bagi Manusia Modern /cBriliantono M. Soenarwo, Muhammad Rusli Amin; editor, Dwi Bagus MB, Tim Al-Mawardi acet.1 aJakarta :bAl-Mawardi Prima,c2011 a296 hlm. :bilus. ;c22 cm.0 aMUHAMMAD, Rusli Amin0 aDWI, Bagus MB aBibliografi : hlm.289-2960 aTIM, Al-Mawardi a3213 a3213 a a3213 b